000 00271nam a22001217a 4500
999 _c4378
_d4378
008 250213b ||||| |||| 00| 0 eng d
020 _a9781465479310
082 _a629.45
100 _aSTONE,JERRY
_eAUTHOR
245 _aSPACE TRAVEL
260 _bDK FINDOUT
942 _2ddc